Gaming Quiz

Random Gaming or Clickable Quiz

Hardest Difficulties Quiz Stats

 Plays Quiz not verified by Sporcle

Also try: Video Game Islands
Challenge
Share
Tweet
Embed
Score 0/24 Timer 06:00
0 Plays Today
% Correct
00 Agent
72.1%
Veteran
62.6%
Dante Must Die
56.5%
Master Ninja
53.8%
Legendary
52.4%
Damn I'm Good
51.4%
Inferno
35.1%
Insane
26.6%
Nightmare
26.4%
Expert
25.7%
Insanity
22.4%
Non-Stop Climax
22.4%
% Correct
I am Death Incarnate
21.6%
Chaos
21.4%
Infernal
20%
Super Soldier
19.4%
European Extreme
18.9%
Professional
17.2%
Crushing
16%
Platinum
12.7%
Impossible
12.4%
Elite
12.3%
Elevated Risk
11.7%
Super Human
10.3%

You're not logged in!

Compare scores with friends on all Sporcle quizzes.
OR
Log In

You Might Also Like...

Show Comments

Extras

Editor's Pick Jun 10, 2012ReportNominate
Tags:Clickable Quiz, difficulty

Top Quizzes Today


Score Distribution

Your Account Isn't Verified!

In order to create a playlist on Sporcle, you need to verify the email address you used during registration. Go to your Sporcle Settings to finish the process.

Report this User

Report this user for behavior that violates our Community Guidelines.

Details: